| 000 | 00748nam a22001937a 4500 | ||
|---|---|---|---|
| 005 | 20220919093947.0 | ||
| 008 | 180710b1991 mx ||||| |||| 001 0 spa d | ||
| 020 | _a9683618774 | ||
| 050 | 0 | 4 |
_aKGF2579 _bR63 1991 |
| 100 | 1 |
_aRoa Bárcena, Rafael, _eautor |
|
| 245 | 1 | 0 |
_aManual razonado de práctica civil forense mexicana _c/ Rafael Roa Bárcena ; estudio preliminar de José Luis Soberanes Fernández.. |
| 250 | _a1a ed. | ||
| 260 |
_aMéxico : _bUniversidad Nacional Autónoma de México, _cc1991 |
||
| 300 |
_axix, 515 p. ; _c23 cm. |
||
| 490 |
_aa ) Fuentes, b) Textos y estudios legislativos _v76 |
||
| 650 | 7 |
_2lemb _aProcedimiento civil _zMéxico |
|
| 700 | 1 |
_aSoberanes Fernández, José Luis, _eestudio preliminar |
|
| 942 |
_2lcc _cLIB |
||
| 999 |
_c142566 _d142564 |
||